| 000 | 00364cam a2200157ua 4500 | ||
|---|---|---|---|
| 003 | OSt | ||
| 008 | 250823b |||||||| |||| 00| 0 eng d | ||
| 041 | _aeng | ||
| 082 |
_a628.1 _bDYE/HO |
||
| 100 |
_aDye, Fredk.W . _97772 |
||
| 245 | _aHot water supply / | ||
| 250 | _a8 / | ||
| 260 |
_aLondon : _bE & F.N.Spon Ltd , _c1948. |
||
| 300 | _a245 ; . | ||
| 942 | _cBK | ||
| 999 |
_c1534 _d1534 |
||